Behringer, Wolfgang, 1956-. Witches and witch-hunts. - London [u.a.] : Polity Press. - 2004 [Rezension]

Titel: Behringer, Wolfgang, 1956-. Witches and witch-hunts. - London [u.a.] : Polity Press. - 2004 [Rezension]
Verfasser:
In: Journal of genocide research, Band 8, Heft 4 (2006), Seite 517-521
alle Artikel anzeigen
Veröffentlicht: 2006
Format: Aufsatz
Sprache: Englisch
Kein Bild verfügbar
X
alg: 39488624
001A    $01999:12-11-16 
001B    $01999:23-07-19 $t17:51:40.000 
001D    $01999:12-11-16 
001U    $0utf8 
001X    $00 
002@    $0Aox 
003@    $0394886240 
007A    $0394886240 $aHEB 
007T    $0Herdc0027384m 
010@    $aeng 
011@    $a2006 
021A    $aBehringer, Wolfgang, 1956-. Witches and witch-hunts. - London {[u.a.] : Polity Press. -  2004 [Rezension] 
028A    $aJones $dAdam 
031A    $d8 $e4 $h517-521 $j2006 
039B    $aIn $8--Abvc--. Journal of genocide research. - Abingdon, Oxfordshire : Routledge, 1999-. - ISSN 1462-3528 $x200600000080004483 $9071389202 
039T    $8--Aau--Behringer, Wolfgang$Z1956- [Tp3]. Witches and witch-hunts. - London {[u.a.] : Polity Press, 2004. - XXI, 337 S.. - Ill.. - ISBN 0-7456-2718-8 $9123945755 
045T    $aJUDAICA $qDE-30 $2FID 
045T    $a7,7 $a8 

lok: 39488624 78

exp: 39488624 78 1 #EPN
201B/01 $018-11-16 $t13:02:40.000 
201U/01 $0utf8 
203@/01 $079118482X 
208@/01 $a12-11-16 $be 
209A/01 $a/ $f000 $x00 
220C/01 $aTitelaufnehmer: pg 
244Z/01 $2Trx $#arvustused $#recenzijos $#Reviews $#recenziók $#recenzje $#recenzie $#recenze $8--Trx--Rezensionen $x01 $9391357441 
247C/01 $82080>Marburg/Lahn, Herder-Institut, Forschungsbibliothek, Bibliographieportal $9336309341
LEADER 00000caa a22000002c 4500
001 394886240
003 DE-603
005 20190723175140.0
007 tu
008 161112s2006 xx |||| | u00||u|eng c
035 |a (DE-599)HEB394886240 
040 |a DE-603  |b ger  |c DE-603  |d DE-603 
041 |a eng 
084 |a JUDAICA  |q DE-30  |2 fid 
084 |a 7,7  |a 8  |2 ssgn 
100 1 |a Jones, Adam 
245 0 0 |a Behringer, Wolfgang, 1956-. Witches and witch-hunts. - London ˜[u.a.] œ: Polity Press. - 2004 [Rezension] 
264 0 |c 2006 
773 0 8 |i In  |t Journal of genocide research  |d Abingdon, Oxfordshire : Routledge, 1999-  |x 1462-3528  |g Band 8, Heft 4 (2006), Seite 517-521  |w (DE-603)071389202  |w (DE-600)1452128-3 
787 0 8 |i Rezension von  |a Behringer, Wolfgang, 1956-  |t Witches and witch-hunts  |d London ˜[u.a.] œ: Polity Press, 2004  |h XXI, 337 S., Ill.  |z 0745627188  |w (DE-603)123945755 
924 0 |9 2080  |a (DE-603)79118482X  |b DE-2080  |c HES  |d d  |g /